=LDR 00000nam 2200000 4500 =001 INLIS000000001053687 =005 20250422095121 =035 ##$$a 0010-0425000088 =007 ta =008 250422###########################0###### =020 ##$$a 978-602-6640-41-3 =082 ##$$a 320.120 7 =084 ##$$a 320.120 7-Sya-b =100 #$$a Syafruddin =245 1#$$a Buku ajar sosiologi politik / Dr. Syafruddin, M.S. =250 ##$$a I =260 ##$$a Mataram :$b Mataram University Press,$c 2018 =300 ##$$a xxii, 156 hlm. : $b ilustrasi ; $c 23 cm.$e lain lain =700 #$$a Rodmala Dewi =504 ##$$a Bibliografi : hlm. 55-56 =600 #4$$a Sosiologi Politik =990 ##$$a 04960496 =990 ##$$a 021/54/2025